Corrosion atlas : Vol-1 & Vol-2 (Record no. 60774)
[ view plain ]
| 000 -LEADER | |
|---|---|
| fixed length control field | 00864cam a2200253 a 4500 |
| 001 - CONTROL NUMBER | |
| control field | 4800421 |
| 003 - CONTROL NUMBER IDENTIFIER | |
| control field | NUST-PNEC |
| 005 - DATE AND TIME OF LATEST TRANSACTION | |
| control field | 20170116180707.0 |
| 008 - FIXED-LENGTH DATA ELEMENTS--GENERAL INFORMATION | |
| fixed length control field | 880224s1988 ne a b 000 0 eng |
| 010 ## - LIBRARY OF CONGRESS CONTROL NUMBER | |
| LC control number | 88003912 |
| 020 ## - INTERNATIONAL STANDARD BOOK NUMBER | |
| International Standard Book Number | 0444428046 |
| 040 ## - CATALOGING SOURCE | |
| Transcribing agency | PNEC |
| 050 00 - LIBRARY OF CONGRESS CALL NUMBER | |
| Classification number | TA467 |
| Item number | .D87 1988 |
| 082 00 - DEWEY DECIMAL CLASSIFICATION NUMBER | |
| Classification number | 620.1123 DUR |
| 100 1# - MAIN ENTRY--PERSONAL NAME | |
| Personal name | During, Evert D. D., |
| Dates associated with a name | 1933- |
| 245 10 - TITLE STATEMENT | |
| Title | Corrosion atlas : Vol-1 & Vol-2 |
| Remainder of title | a collection of illustrated case histories / |
| Statement of responsibility, etc. | compiled by Evert D.D. During. |
| 260 ## - PUBLICATION, DISTRIBUTION, ETC. | |
| Place of publication, distribution, etc. | Amsterdam ; |
| -- | New York : |
| Name of publisher, distributor, etc. | Elsevier, |
| Date of publication, distribution, etc. | 1988. |
| 300 ## - PHYSICAL DESCRIPTION | |
| Extent | 2 v. (loose-leaf) : |
| Other physical details | ill. (some col.) ; |
| Dimensions | 32 cm. |
| 504 ## - BIBLIOGRAPHY, ETC. NOTE | |
| Bibliography, etc. note | Includes bibliography. |
| 505 0# - FORMATTED CONTENTS NOTE | |
| Formatted contents note | v. 1. Carbon steels -- v. 2. Stainless steels and non-ferro materials. |
| 650 #0 - SUBJECT ADDED ENTRY--TOPICAL TERM | |
| Topical term or geographic name entry element | Corrosion and anti-corrosives |
| General subdivision | ME |
| 906 ## - LOCAL DATA ELEMENT F, LDF (RLIN) | |
| a | 7 |
| b | cbc |
| c | orignew |
| d | 1 |
| e | ocip |
| f | 19 |
| g | y-gencatlg |
| 942 ## - ADDED ENTRY ELEMENTS (KOHA) | |
| Source of classification or shelving scheme | |
| Koha item type | Book |
| Withdrawn status | Lost status | Source of classification or shelving scheme | Damaged status | Not for loan | Permanent Location | Current Location | Shelving location | Date acquired | Source of acquisition | Cost, normal purchase price | Total Checkouts | Full call number | Barcode | Date last seen | Cost, replacement price | Price effective from | Koha item type |
|---|---|---|---|---|---|---|---|---|---|---|---|---|---|---|---|---|---|
| Pakistan Navy Engineering College (PNEC) | Pakistan Navy Engineering College (PNEC) | Reference | 09/27/2014 | Pak Book | 7070.00 | 620.1123 DUR | PNECLIB-011895 | 09/27/2014 | 7070.00 | 09/27/2014 | Book | ||||||
| Pakistan Navy Engineering College (PNEC) | Pakistan Navy Engineering College (PNEC) | Reference | 09/27/2014 | Pak Book | 620.1123 DUR | PNECLIB-011894 | 09/27/2014 | 09/27/2014 | Book |
